| 000 | 01254cam a22003614a 4500 | ||
|---|---|---|---|
| 001 | 6755923 | ||
| 003 | ARRUPE | ||
| 005 | 20160323084125.0 | ||
| 008 | 070815s2006 rh 000 0 eng | ||
| 010 | _a 2007381002 | ||
| 020 | _a8778656001 (International) | ||
| 020 | _a9788778656001 (International) | ||
| 020 | _a0797430954 (Southern Africa) | ||
| 020 | _a9780797430952 (Southern Africa) | ||
| 035 | _a(OCoLC)ocn153576334 | ||
| 035 | _a(OCoLC)153576334 | ||
| 035 | _a(NNC)6755923 | ||
| 040 |
_aDLC _cDLC _dYDXCP _dBTCTA |
||
| 042 | _alcode | ||
| 043 | _afs----- | ||
| 050 | 0 | 0 |
_aNX389.7 _b.N45 2006 |
| 245 | 0 | 0 |
_aNgoma : _bapproaches to arts education in Southern Africa / _ceditor, Robert Mshengu Kavanagh ; consultant editor, Stephen Joel Chifunyise ; CHIPAWO. |
| 260 |
_aHarare : _bZimbabwe Academy of Arts Education for Development, _cc2006. |
||
| 300 |
_a216 p. ; _c21 cm. |
||
| 650 | 0 |
_aArts _xStudy and teaching _zAfrica, Southern. _923196 |
|
| 700 | 1 |
_aKavanagh, Robert. _915536 |
|
| 700 | 1 |
_aChifunyise, Stephen. _923197 |
|
| 710 | 2 |
_aCHIPAWO (Organization) _923198 |
|
| 710 | 2 |
_aZimbabwe Academy of Arts Education for Development. _923199 |
|
| 942 |
_2lcc _cMONOGRAPH |
||
| 948 | 1 |
_a20080707 _bc _crch2 _dMPS |
|
| 999 |
_c124437 _d124437 |
||